Practical radio frequency test and measurement (Record no. 18500)

MARC details
000 -LEADER
fixed length control field 00606nam a2200193Ia 4500
003 - CONTROL NUMBER IDENTIFIER
control field IN-BaIIA
008 - FIXED-LENGTH DATA ELEMENTS--GENERAL INFORMATION
fixed length control field 211028s9999 xx 000 0 eng d
020 ## - INTERNATIONAL STANDARD BOOK NUMBER
International Standard Book Number 978-0-7506-7161-3
040 ## - CATALOGING SOURCE
Transcribing agency IIA Library
080 ## - UNIVERSAL DECIMAL CLASSIFICATION NUMBER
Universal Decimal Classification number 621.391(035)
Item number CAR
100 ## - MAIN ENTRY--PERSONAL NAME
Personal name Carr, Joseph J
9 (RLIN) 30761
245 #0 - TITLE STATEMENT
Title Practical radio frequency test and measurement
Remainder of title a technician's handbook
Statement of responsibility, etc. Joseph J. Carr
260 ## - PUBLICATION, DISTRIBUTION, ETC.
Place of publication, distribution, etc. Amsterdam
Name of publisher, distributor, etc. Newnes
Date of publication, distribution, etc. 2009
300 ## - PHYSICAL DESCRIPTION
Extent ix, 348p.
650 ## - SUBJECT ADDED ENTRY--TOPICAL TERM
Topical term or geographic name entry element Measuring frequency-Handbooks
9 (RLIN) 35539
650 ## - SUBJECT ADDED ENTRY--TOPICAL TERM
Topical term or geographic name entry element Measuring inductors-Handbooks
9 (RLIN) 35540
650 ## - SUBJECT ADDED ENTRY--TOPICAL TERM
Topical term or geographic name entry element Rado frequency-Handbooks
9 (RLIN) 35541
942 ## - ADDED ENTRY ELEMENTS (KOHA)
Koha item type Books
Holdings
Withdrawn status Lost status Damaged status Not for loan Home library Current library Shelving location Date acquired Source of acquisition Cost, normal purchase price Total Checkouts Full call number Barcode Date last seen Cost, replacement price Price effective from Koha item type Purchase Price
        IIA Library-Bangalore IIA Library-Guribidanur General Stacks 22/01/2013 BBI 4414.93   621.391(035)/ CAR 19422 05/11/2021 4414.93 22/01/2013 Books Rs. 4414.93

Powered by Koha